| 000 | 01473cam a2200337 i 4500 | ||
|---|---|---|---|
| 001 | 18395263 | ||
| 003 | NUST | ||
| 005 | 20221230190023.0 | ||
| 008 | 141204s2015 enk b 001 0 eng | ||
| 010 | _a 2014046799 | ||
| 020 | _a9781138795709 (hardback) | ||
| 020 | _a9781138795716 (pbk.) | ||
| 020 | _z9781315758237 (ebook) | ||
| 040 |
_aDLC _beng _cDLC _erda _dDLC |
||
| 042 | _apcc | ||
| 050 | 0 | 0 |
_aQC903 _b.B85 2015 |
| 082 | 0 | 0 |
_a363.73874,BUL _223 |
| 100 | 1 |
_aBulkeley, Harriet, _d1972- _9106553 |
|
| 245 | 1 | 0 |
_aGoverning climate change / _cHarriet A. Bulkeley and Peter Newell. |
| 250 | _aSecond edition. | ||
| 264 | 1 |
_aAbingdon, Oxon : _bRoutledge/ Taylor & Francis Group, _c2015. |
|
| 300 |
_axiii, 166 pages ; _c22 cm. |
||
| 336 |
_atext _2rdacontent |
||
| 337 |
_aunmediated _2rdamedia |
||
| 338 |
_avolume _2rdacarrier |
||
| 490 | 0 |
_aRoutledge global institutions series ; _v104 |
|
| 505 | _aIntroduction (Page-1), Governing Climate Change: a Brief History (Page-23), Governance for Whom / Equity, Justice, and the Politics of Sustainable Development (Page-48), Between Global and Local: Governing Climate Change Transitionally (Page-68), Community and the Governing of Climate Change (Page-90), The Private Governance of Climate Change (Page-113), Conclusions (Page-133). | ||
| 650 | 0 |
_aClimatic changes _xGovernment policy _xInternational cooperation. _9106554 |
|
| 700 | 1 |
_aNewell, Peter _q(Peter John) _9106555 |
|
| 942 |
_2ddc _cBK _k363.73874,BUL |
||
| 999 |
_c592883 _d592883 |
||